000 00496cam a22001457a 4500
008 180718b1952 xxu||||| |||| 00| 0 eng d
082 _aHx5421 Ut8
100 _aUttar Pradesh. Judicial Reforms Committee
245 _aReport of the Uttar Pradesh Judicial Reforms
_cby Judicial Department, Uttar Pradesh
260 _aLucknow
_bJudicial Department
_c1952
300 _a-v-
500 _aLibrary has v.1. 135p.
700 _aUttar Pradesh. Judicial Department
700 _aWanchoo, K.N. (Chairman)
999 _c489243
_d489243